| 000 -LEADER |
| fixed length control field |
01702cam a22004457a 4500 |
| 001 - CONTROL NUMBER |
| control field |
17152912 |
| 003 - CONTROL NUMBER IDENTIFIER |
| control field |
Nust- CAS-E |
| 005 - DATE AND TIME OF LATEST TRANSACTION |
| control field |
20180118181409.0 |
| 008 - FIXED-LENGTH DATA ELEMENTS--GENERAL INFORMATION |
| fixed length control field |
120207s2011 njua b 101 0 eng d |
| 010 ## - LIBRARY OF CONGRESS CONTROL NUMBER |
| LC control number |
2012359004 |
| 016 7# - NATIONAL BIBLIOGRAPHIC AGENCY CONTROL NUMBER |
| Record control number |
015786336 |
| Source |
Uk |
| 020 ## - INTERNATIONAL STANDARD BOOK NUMBER |
| International Standard Book Number |
9781118029459 (v. 1) |
| 020 ## - INTERNATIONAL STANDARD BOOK NUMBER |
| International Standard Book Number |
1118029453 (v. 1) |
| 020 ## - INTERNATIONAL STANDARD BOOK NUMBER |
| International Standard Book Number |
9781118029466 (v. 2) |
| 020 ## - INTERNATIONAL STANDARD BOOK NUMBER |
| International Standard Book Number |
1118029461 (v. 2) |
| 020 ## - INTERNATIONAL STANDARD BOOK NUMBER |
| International Standard Book Number |
9781118029473 (v. 3) |
| 020 ## - INTERNATIONAL STANDARD BOOK NUMBER |
| International Standard Book Number |
111802947X (v. 3) |
| 035 ## - SYSTEM CONTROL NUMBER |
| System control number |
(OCoLC)ocn741364891 |
| 040 ## - CATALOGING SOURCE |
| Original cataloging agency |
MYG |
| Transcribing agency |
MYG |
| Modifying agency |
UKMGB |
| -- |
NLE |
| -- |
DLC |
| 042 ## - AUTHENTICATION CODE |
| Authentication code |
lccopycat |
| 050 00 - LIBRARY OF CONGRESS CALL NUMBER |
| Classification number |
TA401.3 |
| Item number |
.M56 2011 |
| 082 04 - DEWEY DECIMAL CLASSIFICATION NUMBER |
| Classification number |
620.11 |
| Edition number |
22 |
| Author Mark |
TMS 2011 |
| 110 2# - MAIN ENTRY--CORPORATE NAME |
| Corporate name or jurisdiction name as entry element |
Minerals, Metals and Materials Society. |
| Subordinate unit |
Annual Meeting |
| Number of part/section/meeting |
(140th : |
| Date of meeting or treaty signing |
2011 : |
| Location of meeting |
San Diego, Calif.) |
| 245 10 - TITLE STATEMENT |
| Title |
TMS 2011 140th annual meeting & exhibition : |
| Remainder of title |
supplemental proceedings. |
| 246 3# - VARYING FORM OF TITLE |
| Title proper/short title |
TMS 2011 140th annual meeting and exhibition |
| 246 3# - VARYING FORM OF TITLE |
| Title proper/short title |
TMS 2011 |
| 246 38 - VARYING FORM OF TITLE |
| Title proper/short title |
Annual meeting supplemental proceedings |
| 260 ## - PUBLICATION, DISTRIBUTION, ETC. |
| Place of publication, distribution, etc. |
Hoboken, N.J. : |
| Name of publisher, distributor, etc. |
Wiley, |
| Date of publication, distribution, etc. |
c2011. |
| 300 ## - PHYSICAL DESCRIPTION |
| Extent |
3 v. : |
| Other physical details |
ill. ; |
| Dimensions |
23 cm. |
| 502 ## - DISSERTATION NOTE |
| Dissertation note |
0 |
| 504 ## - BIBLIOGRAPHY, ETC. NOTE |
| Bibliography, etc. note |
Includes bibliographical references and indexes. |
| 505 0# - FORMATTED CONTENTS NOTE |
| Formatted contents note |
v. 1. Materials processing and energy materials -- v. 2. Materials fabrication, properties, characterization, and modeling -- v. 3. General paper selections. |
| 650 #0 - SUBJECT ADDED ENTRY--TOPICAL TERM |
| Topical term or geographic name entry element |
Materials |
| Form subdivision |
Congresses. |
| 650 #0 - SUBJECT ADDED ENTRY--TOPICAL TERM |
| Topical term or geographic name entry element |
Metals |
| Form subdivision |
Congresses. |
| 650 #0 - SUBJECT ADDED ENTRY--TOPICAL TERM |
| Topical term or geographic name entry element |
Materials science |
| Form subdivision |
Congresses. |
| 710 2# - ADDED ENTRY--CORPORATE NAME |
| Corporate name or jurisdiction name as entry element |
Minerals, Metals and Materials Society. |
| 906 ## - LOCAL DATA ELEMENT F, LDF (RLIN) |
| a |
7 |
| b |
cbc |
| c |
copycat |
| d |
2 |
| e |
ncip |
| f |
20 |
| g |
y-gencatlg |
| 942 ## - ADDED ENTRY ELEMENTS (KOHA) |
| Source of classification or shelving scheme |
|
| Koha item type |
Book |